000 00661nam0a22002531 4500
001 RU\NLR\INFOCOMM18\ROSSICA\1000004865
005 20250613193621.0
035 _a(NLR Aleph) 009976538
090 _a9673776
_c9673776
100 _a20030515d1868 |||y0rusy50 ca
101 0 _ager
102 _aRU
105 _ay ||||000ay
200 1 _aZur Kenntniss der Vegetationsverhältnisse von Palna
_fLeop. Gruner
210 _aMoskau
_d1868
215 _d
700 1 _aGruner
_bL.
_gLeop.
_4070
801 1 _aRU
_bInfoComm
_c20030515
801 0 _aRU
_bNLR
_gPSBO
852 _aNLR
_j13.21.3.467
942 _cBOOK
980 _aNB
980 _aRossica